K problematike poistenia medzinárodných rizík

Na minha lista:
Detalhes bibliográficos
Autor principal: Drugdová, Barbora
Formato: Capítulo de Livro
Idioma:eslovaco
Tags: Adicionar Tag
Sem tags, seja o primeiro a adicionar uma tag!

MARC

LEADER 00000naa$a2200000$$$4500
001 0152774
005 20240502083348.0
041 0 |a slo 
044 |a CZ 
245 1 0 |a K problematike poistenia medzinárodných rizík  |c Barbora Drugdová 
100 1 |a Drugdová, Barbora